Vývoj na světovém pojistném trhu v roce 2003
Situácia v poisťovníctve sa pomaly vracia k svojmu predchádzajúcemu vývoju, pomaly sa zotavuje. Neživotné a životné poistenie. Reálny ročný rast predpísaného poistného v jednotlivých oblastiach sveta a vo vybraných krajinách Európy v percentách.
Gespeichert in:
| 1. Verfasser: | |
|---|---|
| Format: | Buchkapitel |
| Sprache: | Tschechisch |
| Schlagworte: | |
| Tags: |
Keine Tags, Fügen Sie das erste Tag hinzu!
|
MARC
| LEADER | 00000naa$a2200000$$$4500 | ||
|---|---|---|---|
| 001 | 0018497 | ||
| 005 | 20230927101204.6 | ||
| 041 | 0 | |a cze | |
| 044 | |a CZ | ||
| 245 | 1 | 0 | |a Vývoj na světovém pojistném trhu v roce 2003 |c Eva Ducháčková |
| 520 | |a Situácia v poisťovníctve sa pomaly vracia k svojmu predchádzajúcemu vývoju, pomaly sa zotavuje. Neživotné a životné poistenie. Reálny ročný rast predpísaného poistného v jednotlivých oblastiach sveta a vo vybraných krajinách Európy v percentách. | ||
| 610 | 2 | 0 | |a svet |
| 610 | 2 | 0 | |a trh poistný |
| 610 | 2 | 0 | |a poistenie neživotné |
| 610 | 2 | 0 | |a poistenie životné |
| 610 | 2 | 0 | |a 2003 |
| 100 | 1 | |a Ducháčková, Eva | |